| 000 | 00488 a2200181 4500 | ||
|---|---|---|---|
| 003 | OSt | ||
| 005 | 20240220152950.0 | ||
| 008 | 240207b |||||||| |||| 00| 0 eng d | ||
| 020 | _a9788188029389 | ||
| 040 | _coclc | ||
| 082 |
_a828 _bNAI/V |
||
| 100 |
_aNair,Arathy _910419 |
||
| 245 |
_aVision On Board / _cArathy Nair |
||
| 250 | _a1st ed. | ||
| 260 |
_aKozhikode: _bLIPI Publications, _c2022. |
||
| 300 | _a152p. | ||
| 942 |
_2ddc _cBK _h828 _iNAI/V _k828 _mNAI/V |
||
| 999 |
_c44370 _d44370 |
||